Plate tectonics (Record no. 73157)
[ view plain ]
| 000 -LEADER | |
|---|---|
| fixed length control field | 00643 a2200253 4500 |
| 020 ## - INTERNATIONAL STANDARD BOOK NUMBER | |
| International Standard Book Number | 0-444-41094-5 |
| 041 ## - LANGUAGE CODE | |
| Language code of text/sound track or separate title | Eng |
| 082 ## - DEWEY DECIMAL CLASSIFICATION NUMBER | |
| Classification number | 551.14 |
| Item number | P584p |
| 100 ## - MAIN ENTRY--PERSONAL NAME | |
| Personal name | Pichon, Xavier Le |
| 100 ## - MAIN ENTRY--PERSONAL NAME | |
| Personal name | Francheteau, Jean. |
| 100 ## - MAIN ENTRY--PERSONAL NAME | |
| Personal name | Bonnin, Jean. |
| 245 ## - TITLE STATEMENT | |
| Title | Plate tectonics |
| 260 ## - PUBLICATION, DISTRIBUTION, ETC. | |
| Place of publication, distribution, etc. | Amsterdam: |
| Name of publisher, distributor, etc. | Elsevier Scientific, |
| Date of publication, distribution, etc. | 1976 |
| 300 ## - PHYSICAL DESCRIPTION | |
| Extent | xii, 311p. illus. |
| 440 ## - SERIES STATEMENT/ADDED ENTRY--TITLE | |
| Title | Developments in geotechnics |
| Number of part/section of a work | No:6 |
| 504 ## - BIBLIOGRAPHY, ETC. NOTE | |
| Bibliography, etc. note | Bibliography: p. 279-300 |
| 650 ## - SUBJECT ADDED ENTRY--TOPICAL TERM | |
| Topical term or geographic name entry element | Plate tectonics |
| 650 ## - SUBJECT ADDED ENTRY--TOPICAL TERM | |
| Topical term or geographic name entry element | Thermal properties |
| 650 ## - SUBJECT ADDED ENTRY--TOPICAL TERM | |
| Topical term or geographic name entry element | Earth science |
| 650 ## - SUBJECT ADDED ENTRY--TOPICAL TERM | |
| Topical term or geographic name entry element | Plates |
| 650 ## - SUBJECT ADDED ENTRY--TOPICAL TERM | |
| Topical term or geographic name entry element | Kinematics |
| 653 ## - INDEX TERM--UNCONTROLLED | |
| Uncontrolled term | Geology |
| 942 ## - ADDED ENTRY ELEMENTS (KOHA) | |
| Source of classification or shelving scheme | Dewey Decimal Classification |
| Koha item type | General Collections |
| Withdrawn status | Lost status | Source of classification or shelving scheme | Damaged status | Not for loan | Home library | Current library | Date acquired | Total Checkouts | Total Renewals | Full call number | Barcode | Date last seen | Date last checked out | Price effective from | Koha item type |
|---|---|---|---|---|---|---|---|---|---|---|---|---|---|---|---|
| Dewey Decimal Classification | Tribhuvan University Central Library | Tribhuvan University Central Library | 07/31/2014 | 2 | 2 | 551.14 P584p | 74016 | 09/26/2016 | 06/22/2016 | 07/31/2014 | General Collections |
